000 03313 a2201165 4500
003 PE-LiUPU
005 20251223175417.0
008 231226b |||||||| |||| 00| 0 spa d
020 _a9786123175092
040 _aPE-LiUPU
_bspa
_cPE-LiUPU
_dPE-LiUPU
_erda
082 _223
_a343.7
_bH874p
100 1 _aHuapaya Tapia, Ramón
_d1978-
_eautor.
245 1 3 _aEl proceso contencioso-administrativo /
_cRamón Huapaya Tapia.
250 _aPrimera edición.
264 _aLima :
_bFondo Editorial Pontificia Universidad Católica del Perú,
_c2019.
300 _a194 páginas :
_bcuadros ;
_c21 centímetros.
490 _a(Colección lo esencial del derecho ;
_343)
504 _apáginas 183-189.
505 _aBreves antecedentes históricos y normativos del proceso contencioso-administrativo -- Fundamentos jurídico-públicos del proceso contensioso -administrativo -- Principios del proceso contencioso administrativo -- El objeto del proceso contencioso-administrativo -- Sujetos del proceso -- Aspectos procedimentales -- La prueba en el proceso contencioso-administrativo -- Medios impugnatorios -- Tutela cautelar -- Fin del proceso: la sentencia y otros mecanismos de conclusión del proceso -- Ejecución de sentencias.
526 _aP202
526 _aP201
526 _aP163
526 _aP162
526 _aP161
526 _aP160
526 _aP148
526 _aP147
526 _aP146
526 _aP145
526 _aP144
526 _aP143
526 _aP142
526 _aP141
526 _aP140
526 _aP139
526 _aP138
526 _aP137
526 _aP136
526 _aP135
526 _aP134
526 _aP133
526 _aP129
526 _aP128
526 _aP127
526 _aP120
526 _aP119
526 _aP118
526 _aP116
526 _aP115
526 _aP114
526 _aP110
526 _aP109
526 _aP108
526 _aP104
526 _aP103
526 _aP102
526 _aP99
526 _aP98
526 _aP97
526 _aP96
526 _aP95
526 _aP93
526 _aP90
526 _aP89
526 _aP88
526 _aP83
526 _aP82
526 _aP62
526 _aP59
526 _aP58
526 _aP57
526 _aP51
526 _aP49
526 _aP48
526 _aP47
526 _aP29
526 _aP24
526 _aP20
526 _aP19
526 _aP17
526 _aP15
526 _aP14
526 _aP12
526 _aP10
526 _aP09
526 _aP08
526 _aP07
526 _aP06
526 _aP05
526 _aP04
526 _aP01
650 1 8 _aDerecho
_xEstudio y enseñanza.
_93493
650 2 8 _aRecurso contencioso administrativo
_zPerú.
_93494
650 2 0 _aDerecho a la tutela judicial
_zPerú.
_93495
650 2 8 _aDerecho administartivo
_zPerú.
_93497
700 _aAlejos Guzmán, Oscar
_eColaborador.
_93492
942 _cBK
_2ddc
_n0
980 _621515
_aDIGNA BRAÑES Analista Documental
_818226
_gJaime Vilcazán Jefe de Análisis Documental
999 _c62259
_d62258